Vehicles by Picture - Statistics

General Stats
  • This quiz has been taken 201 times
  • The average score is 8 of 8
Answer Stats
Picture Answer % Correct
Car
99%
Bicycle
97%
Helicopter
96%
Motorcycle
96%
Ship
96%
Space Shuttle
96%
Airplane
95%
Truck
92%
No matching quizzes found
Score Distribution
Percent of People with Each Score
Percentile by Number Answered
Your Score History
You have not taken this quiz